00321nam a2200145Ia 4500008004100000020001500041041001200056082001600068100001400084245002200098250000800120260002500128300000800153650001400161221030s9999 xx 000 0 und d a8120301404 aEnglish a105.23bGor aG. Gordon 0aSystem Simulation a2nd bPHIaNew Delhic2005 a324 aComputers